000 01024nam a2200265Ia 4500
003 OSt
005 20221121125244.0
006 a|||||r|||| 00| 0
007 ta
008 220922b |||||||| |||| 00| 0 hin d
020 _a817312017X (hbk)
_c295
024 _a245,557
037 _b373, 11/02/2011, Swaraj Prakashan
_cTextual
040 _aARTS
_cARTS
_bhin
041 _2hin
_ahin
082 _aO152,1:gN9, P3
100 _aचतुर्वेदी, जगदीश
245 0 _cचतुर्वेदी, जगदीश
_aस्तं×योत्तर हिंदी कविता
_b विविध परिदृश्य
246 _aStan×yottar hiandī kavitā: vividh paridṛushya
260 _aदिल्ली
_b श्री नटराज प्रकाशन
_c2003
300 _a160पृ.
_ccm.
650 _aहिन्दी साहित्य
_9156264
942 _hO152,1:gN9, P3
_cTEXL
_2CC
999 _c294467
_d294467